Quiz One Piece - Statistiques

Statistiques générales
  • Ce quiz a été pris 679 fois
  • Le résultat moyen est 10 sur 15
Statistiques - réponses
Question Réponse % Correct
Avec combien de sabres Zoro combat-il de manière général ? 3
99%
Lequel de ces personnages a mangé plusieurs fruits du démon ? Barbe Noire
94%
Comment s'appelle l'opération militaire ayant été utilisée par la Marine durant l'incident d'Ohara ? Buster Call
88%
Comment s'appelle le sous-marin de l'équipage de Trafalgar Law ? Polar Tang
82%
Lequel de ces personnages n'a jamais été corsaire ? Shiki
82%
Quel est le plus haut grade de la Marine atteint par Garp ? Vice-amiral
78%
Après le croquembouche, quelle gâteau a été préparé pour mettre fin à la violence de Big Mom désirant manger quelque chose ? Gateau de mariage
72%
Quel était le surnom de Bartholomew Kuma avant de devenir un Pacifista sous le contrôle du Gouvernement Mondial? Le Tyrant
72%
Sur quelle île ont attéri les Mugiwaras en premier après avoir franchi Red Line ? Whiskey Peak
68%
Qui est le personnage le plus vieux de One Piece ? Kureha
67%
Durant l'arc Dressrosa, combien y a-t-il eu de groupes différents combattant au Corrida Colosseum ? 4
64%
Quelle est l'arme principal utilisé par Kaido pour combattre ? Kanabo
60%
Lequel de ces personnages a actuellement la prime la plus élevé ? Katakuri
55%
Quel fruit du démon a mangé Kaku durant l'arc Enies Lobby ? Ushi Ushi no Mi
44%
Lors de son combat contre Ener, quel citation Sanji a-t-il sorti avant de tomber par terre ? Prépare toi à chialer
10%
Aucun quiz correspondant
Distribution des résultats
% des personnes avec chaque résultat
Percentile par nombre de réponses
Votre historique - résultats
Vous n’avez pas pris ce quiz